Fluid mechanics for hydraulic engineers, (Record no. 544352)

000 -LEADER
fixed length control field 00618cam a22001931 4500
082 ## - DEWEY DECIMAL CLASSIFICATION NUMBER
Classification number 532
Author Mark ROU
-- L-22,P-5
100 1# - MAIN ENTRY--PERSONAL NAME
Personal name Rouse, Hunter,
9 (RLIN) 39917
245 10 - TITLE STATEMENT
Title Fluid mechanics for hydraulic engineers,
Statement of responsibility, etc. by Hunter Rouse ...
250 ## - EDITION STATEMENT
Edition statement lst ed.
260 ## - PUBLICATION, DISTRIBUTION, ETC.
Place of publication, distribution, etc. New York,
-- London,
Name of publisher, distributor, etc. McGraw-Hill Book Company, inc.,
Date of publication, distribution, etc. 1938.
300 ## - PHYSICAL DESCRIPTION
Extent xvi, 422 p. incl. front., illus., diagrs.
Dimensions 24 cm.
490 0# - SERIES STATEMENT
Series statement Engineering societies monographs
526 ## - STUDY PROGRAM INFORMATION NOTE
Program name 0
Interest level 0
Reading level 0
Title point value 532_000000000000000_ROU
650 #0 - SUBJECT ADDED ENTRY--TOPICAL TERM
Topical term or geographic name entry element Fluid mechanics.
9 (RLIN) 1678
650 #0 - SUBJECT ADDED ENTRY--TOPICAL TERM
Topical term or geographic name entry element Fluids.
9 (RLIN) 30459
650 #0 - SUBJECT ADDED ENTRY--TOPICAL TERM
Topical term or geographic name entry element Hydraulics.
650 #0 - SUBJECT ADDED ENTRY--TOPICAL TERM
Topical term or geographic name entry element MCE
9 (RLIN) 379
942 ## - ADDED ENTRY ELEMENTS (KOHA)
Source of classification or shelving scheme
Koha item type Book
Holdings
Withdrawn status Lost status Source of classification or shelving scheme Damaged status Not for loan Permanent Location Current Location Date acquired Total Checkouts Full call number Barcode Date last seen Price effective from Koha item type
          Military College of Engineering (MCE) Military College of Engineering (MCE) 04/17/2014   532 ROU MCE-29438 04/17/2014 04/17/2014 Book
© 2023 Central Library, National University of Sciences and Technology. All Rights Reserved.